Southville International School and Colleges
Your cart is empty.
  • Cart
  • Lists
    Public lists Eva Luna New books Lux_list list_1
    Your lists Log in to create your own lists
  • Log in to your account
  • Your cookies
  • Search history
Southville International School and Colleges
  • Advanced search
  • Recent comments
  • Most popular
  • Libraries

Log in to your account

Log in with GOOGLE


If you do not have an external account, but do have a local account, you can still log in:

  1. Home
  2. MARC view: The baroque era :
Normal view MARC view ISBD view

The baroque era : (Record no. 10110)

[ view plain ]
MARC details
000 -LEADER
fixed length control field 00570nam a22001937a 4500
003 - CONTROL NUMBER IDENTIFIER
control field OSt
005 - DATE AND TIME OF LATEST TRANSACTION
control field 20151116123714.0
008 - FIXED-LENGTH DATA ELEMENTS--GENERAL INFORMATION
fixed length control field 130831t xxu||||| |||| 00| 0 eng d
020 ## - INTERNATIONAL STANDARD BOOK NUMBER
International Standard Book Number 0393096823
050 ## - LIBRARY OF CONGRESS CALL NUMBER
Classification number ML 194
Item number .So724 1950
082 ## - DEWEY DECIMAL CLASSIFICATION NUMBER
Classification number HS 780.9
Item number So8b 1965
245 ## - TITLE STATEMENT
Title The baroque era :
Remainder of title source readings in music history /
Statement of responsibility, etc selected and annotated by Oliver Strunk.
260 ## - PUBLICATION, DISTRIBUTION, ETC. (IMPRINT)
Place of publication, distribution, etc N.Y :
Name of publisher, distributor, etc Norton,
Date of publication, distribution, etc c1950.
300 ## - PHYSICAL DESCRIPTION
Extent 218 p. :
Dimensions 21 cm.
500 ## - GENERAL NOTE
General note
650 ## - SUBJECT ADDED ENTRY--TOPICAL TERM
Topical term or geographic name as entry element Music
General subdivision History and criticism
-- Sources
9 (RLIN) 15992
942 ## - ADDED ENTRY ELEMENTS (KOHA)
Source of classification or shelving scheme Library of Congress Classification
Koha item type Books
Holdings
Withdrawn status Lost status Source of classification or shelving scheme Damaged status Home library Current library Shelving location Date acquired Total Checkouts Full call number Barcode Date last seen Copy number Price effective from Koha item type
    Library of Congress Classification   Luxembourg Library Luxembourg Library High School Section 08/31/2013   ML 194 .So724 1950 9768 08/31/2013 1 08/31/2013 Books

The baroque era :

APA

(1950). The baroque era. N.Y: Norton.

Chicago

1950. The baroque era. N.Y: Norton.

Harvard

(1950). The baroque era. N.Y: Norton.

MLA

The baroque era. N.Y: Norton. 1950.

  • Place hold
  • Print
  • Cite
  • Add to your cart (remove)
  • Save record
    BIBTEX Dublin Core MARCXML MARC (non-Unicode/MARC-8) MARC (Unicode/UTF-8) MARC (Unicode/UTF-8, Standard) MODS (XML) RIS
  • More searches
    Search for this title in:
    Other Libraries (WorldCat) Other Databases (Google Scholar) Online Stores (Bookfinder.com) Open Library (openlibrary.org)

Exporting to Dublin Core...

SOUTHVILLE LIBRARY

Southville International School and Colleges Library

1281 Tropical Ave. Cor. Luxembourg St., BF Homes International, Las Pinas City

Tel. No. 8256374 / 252358 Loc. 117/146

Powered by Koha